| 000 | 00388nam a2200157Ia 4500 | ||
|---|---|---|---|
| 005 | 20240624024021.0 | ||
| 008 | 240331s9999 xx 000 0 und d | ||
| 020 | _a8177200445 | ||
| 082 |
_bARN _a894.811 |
||
| 100 | _aArnold, J | ||
| 245 | 0 |
_aVaralaaru : _bmikach curukkamana arimugam |
|
| 260 |
_aPuthanatham _badaiyalam _c2005 |
||
| 300 | _a186 p ., | ||
| 650 | _aHistory | ||
| 942 | _cL | ||
| 999 |
_c3972 _d3972 |
||